000 00709cam a2200265 4500
008 090401t1993 xxu||||| |||| 00| 0 eng d
020 _a3427786846
035 _a(Sirsi) u7819
041 _aeng
050 _a526.982
100 _aKraus, Karl
245 _aPhotogrammetry. Volume 1 : fundamentals and standard processes.
250 _a4th ed.
260 _aBonn, Germany
_bDummler
_c1993
300 _a397p. : ill. ; 24cm.
350 _a39.95
520 _aTranslated by Peter Stewardson.
650 _aDIGITAL PHOTOGRAMMETRY
650 _aORTHOPHOTOGRAPHY
650 _aPHOTOGRAMMETRY
650 _aPHOTOGRAPHY
690 _aMAPPING AND MEASUREMENT
942 _n0
948 _c04/03/1997
999 _c86447
_d86447